Ο κόσμος σήμερα : άτλας κοινωνικός και οικονομικός

Saved in:
Bibliographic Details
Main Author: Serryn, Pierre
Other Authors: Πικραμένος, Γιάννης (edt [Επιμελητής])
Format: Book
Language:Greek
French
Published: [Αθήνα] : [Θεσσαλονίκη] : Μορφωτική Εταιρεία, 1984.
Subjects:
Tags: Add Tag
No Tags, Be the first to tag this record!

MARC

LEADER 00000cam a2200000 i 4500
001 1/68966
008 150326s1984 gr | ||| |||| ||gre||
035 |l 10121453 
040 |a GR-MyUA  |b gre  |e AACR2 
041 1 |a gre  |h fre 
082 0 |a 912   |2 (23) 
100 1 |a Serryn, Pierre. 
245 1 2 |a Ο κόσμος σήμερα :   |b άτλας κοινωνικός και οικονομικός /   |c [Pierre Serryn] ; [επιμέλεια Γιάννης Πικραμένος].  
260 |a [Αθήνα] :   |a [Θεσσαλονίκη] :   |b Μορφωτική Εταιρεία,   |c 1984.  
300 |a 71 σ. :   |b χάρτες ;   |c 33 εκ. 
500 |a Στη σ. τ. υπάρχει σφραγίδα "Ελληνική Δημοκρατία - Δ/νση Μ.Γ.Ε. Ν. Σάμου - Λύκειο Καρλοβασίου" με αρ. 2160.  
500 |a Τίτλος πρωτοτύπου: Le monde d'aujourd'hui.  
650 0 0 |a World maps. 
650 0 0 |a Atlases. 
700 1 |a Πικραμένος, Γιάννης,  |e edt [Επιμελητής] 
852 |a INST  |b SAMOS  |c PORFYRIADA  |e 20150326  |h 912 SER  |p 005300041972  |q 005300041972  |t NOLOAN  |y 23 
901 |a BIBL3-2015-1 
909 |a Σ  |b 191999 
970 |a ΣΙΤΖΙΜΗ  |b ΓΙΑΣΕΜΗ  |z 2015/03/26